[Event "POL-chT 2nd League"]
[Site "Jastrzebia Gora"]
[Date "2015.09.06"]
[Round "2.91"]
[White "Jurkiewicz, Krzysztof"]
[Black "Rozycki, Bartlomiej"]
[Result "1/2-1/2"]
[WhiteElo "2299"]
[BlackElo "2167"]
[PlyCount "96"]
[EventDate "2015.09.05"]
[EventType "team-swiss"]
[EventRounds "9"]
[EventCountry "POL"]
[SourceTitle "EXT 2017"]
[Source "ChessBase"]
[SourceDate "2016.10.25"]
[SourceVersion "1"]
[SourceVersionDate "2016.10.25"]
[SourceQuality "1"]
[WhiteTeam "Kolbudy UKS Zawisza"]
[BlackTeam "Chylice KS Laura"]
[WhiteTeamCountry "POL"]
[BlackTeamCountry "POL"]

1. c4 e5 2. Nc3 Nf6 3. e4 g6 4. g3 d6 5. Bg2 Nc6 6. Nge2 Bg7 7. d3 h5 8. h3 Be6 9. Bg5 Qd7 10. Nd5 Nh7 11. Be3 Ne7 12. Qd2 c6 13. Nxe7 Qxe7 14. Rc1 h4 15. g4 f5 16. gxf5 gxf5 17. f4 Rg8 18. Bf3 exf4 19. Nxf4 Bf7 20. Kd1 fxe4 21. Bxe4 Nf6 22. Bf3 0-0-0 23. Bxa7 Nd7 24. Be3 Rde8 25. Re1 Qf6 26. Bg4 Qxb2 27. Qxb2 Bxb2 28. Rb1 Bc3 29. Bd2 Rxe1+ 30. Bxe1 Bxe1 31. Bxd7+ Kc7 32. Bg4 Bg3 33. Ne2 Be5 34. Kd2 Ra8 35. Rf1 Rxa2+ 36. Ke3 Bg6 37. Nf4 Bxf4+ 38. Rxf4 Rg2 39. d4 Rg3+ 40. Kf2 Rc3 41. Be6 b5 42. cxb5 cxb5 43. Rxh4 b4 44. Rh8 Kb7 45. Bd5+ Kc7 46. Be6 Rd3 47. Rc8+ Kb7 48. Rc4 b3 1/2-1/2

[Event "Polanica Zdroj op-B 49th"]
[Site "Polanica Zdroj"]
[Date "2013.08.??"]
[Round "3"]
[White "Dzikowski, Michal"]
[Black "Jurkiewicz, Krzysztof"]
[Result "1-0"]
[WhiteElo "1904"]
[BlackElo "2105"]
[PlyCount "45"]
[EventDate "2013.08.17"]
[EventType "swiss"]
[EventRounds "9"]
[EventCountry "POL"]
[SourceTitle "CBM 156 Extra"]
[Source "ChessBase"]
[SourceDate "2013.10.22"]
[SourceVersion "1"]
[SourceVersionDate "2013.10.22"]
[SourceQuality "1"]

1. b3 d5 2. Bb2 Qd6 3. e3 Nf6 4. f4 g6 5. Nf3 Bg4 6. Nc3 Bg7 7. Be2 0-0 8. 0-0 a6 9. d4 b5 10. Ne5 Bxe2 11. Nxe2 Nbd7 12. Ng3 c5 13. f5 Qc7 14. Rc1 Rad8 15. Qf3 c4 16. bxc4 bxc4 17. Bc3 g5 18. Rb1 Nxe5 19. dxe5 g4 20. Qf4 Nd7 21. f6 exf6 22. exf6 Qxf4 23. Rxf4 1-0

[Event "Polanica Zdroj op-B 49th"]
[Site "Polanica Zdroj"]
[Date "2013.08.??"]
[Round "8"]
[White "Jurkiewicz, Krzysztof"]
[Black "Budzinski, Jan"]
[Result "1/2-1/2"]
[WhiteElo "2105"]
[BlackElo "2024"]
[PlyCount "81"]
[EventDate "2013.08.17"]
[EventType "swiss"]
[EventRounds "9"]
[EventCountry "POL"]
[SourceTitle "CBM 156 Extra"]
[Source "ChessBase"]
[SourceDate "2013.10.22"]
[SourceVersion "1"]
[SourceVersionDate "2013.10.22"]
[SourceQuality "1"]

1. d4 Nf6 2. c4 c5 3. d5 b5 4. a4 bxc4 5. Nc3 d6 6. e4 g6 7. Bxc4 Bg7 8. f4 0-0 9. Nf3 Ba6 10. Qe2 Qa5 11. 0-0 Bxc4 12. Qxc4 Qb4 13. Qe2 Nbd7 14. a5 Ne8 15. e5 dxe5 16. fxe5 Nxe5 17. Nxe5 Qd4+ 18. Be3 Qxe5 19. Bxc5 Qxe2 20. Nxe2 Nd6 21. Rab1 Ne4 22. Bxe7 Rfe8 23. Bb4 Rab8 24. Bc3 Nxc3 25. Nxc3 Red8 26. Rf3 Bxc3 27. Rxc3 Rxd5 28. Ra3 Rd2 29. b4 Rb5 30. Rab3 h5 31. R1b2 Rd4 32. Kf2 Re4 33. Kf3 Re7 34. g3 Kg7 35. h4 Rf5+ 36. Kg2 Rb5 37. Kh3 Re4 38. Kg2 Re7 39. Kf2 Re4 40. Kf3 Re7 41. Re3 1/2-1/2

[Event "Polanica Zdroj op-B 49th"]
[Site "Polanica Zdroj"]
[Date "2013.08.??"]
[Round "1"]
[White "Witwicki, Pawel"]
[Black "Jurkiewicz, Krzysztof"]
[Result "0-1"]
[WhiteElo "1931"]
[BlackElo "2105"]
[PlyCount "100"]
[EventDate "2013.08.17"]
[EventType "swiss"]
[EventRounds "9"]
[EventCountry "POL"]
[SourceTitle "CBM 156 Extra"]
[Source "ChessBase"]
[SourceDate "2013.10.22"]
[SourceVersion "1"]
[SourceVersionDate "2013.10.22"]
[SourceQuality "1"]

1. d4 Nf6 2. Nf3 g6 3. c4 Bg7 4. Nc3 0-0 5. e4 d6 6. Be2 e5 7. 0-0 exd4 8. Nxd4 Re8 9. f3 Nc6 10. Be3 Nh5 11. Qd2 Nxd4 12. Bxd4 Nf4 13. Rad1 Qg5 14. g3 Bxd4+ 15. Qxd4 Nxe2+ 16. Nxe2 Be6 17. Nc3 c6 18. f4 Qc5 19. Qxc5 dxc5 20. b3 Bg4 21. Rd6 Rad8 22. e5 Rxd6 23. exd6 Re3 24. Nd1 Re2 25. Nf2 Bd7 26. Rd1 f6 27. Kf1 Re8 28. g4 Kf7 29. Kg2 Re3 30. Rd2 b6 31. Kf1 Rf3 32. Ke2 Rxf4 33. Ke3 g5 34. h3 h5 35. Rd1 hxg4 36. hxg4 Ke6 37. Rh1 Kxd6 38. Rh7 Bxg4 39. Ne4+ Ke5 40. Re7+ Be6 41. Ng3 Rh4 42. Rxa7 f5 43. Kf2 f4 44. Nf1 g4 45. Re7 Rh6 46. Rb7 Bf5 47. Rxb6 g3+ 48. Nxg3 Rh2+ 49. Kf3 Rh3 50. Rxc6 Be4+ 0-1

[Event "IPCA Wch-B 13th"]
[Site "Velke Losiny"]
[Date "2013.06.18"]
[Round "1"]
[White "Marek, Petr"]
[Black "Jurkiewicz, Krzysztof"]
[Result "0-1"]
[WhiteElo "1680"]
[BlackElo "2124"]
[PlyCount "172"]
[EventDate "2013.06.18"]
[EventType "swiss"]
[EventRounds "9"]
[EventCountry "CZE"]
[SourceTitle "EXT 2014"]
[Source "ChessBase"]
[SourceDate "2013.11.20"]
[SourceVersion "1"]
[SourceVersionDate "2013.11.20"]
[SourceQuality "1"]

1. Nf3 Nf6 2. d4 g6 3. g3 Bg7 4. Bg2 0-0 5. 0-0 c5 6. dxc5 Na6 7. c3 Nxc5 8. Nbd2 d6 9. Nb3 Qc7 10. Nxc5 Qxc5 11. Qd4 Qc7 12. Qh4 Qb6 13. Bh3 Qa6 14. Re1 Bxh3 15. Qxh3 Qc4 16. Qh4 Qxh4 17. Nxh4 Rfc8 18. Nf3 b5 19. e4 Rab8 20. a3 a5 21. e5 dxe5 22. Rxe5 e6 23. Re2 Nd5 24. Be3 Nxe3 25. Rxe3 b4 26. cxb4 axb4 27. Rb3 bxa3 28. Rxb8 Rxb8 29. Rxa3 Bxb2 30. Re3 Kg7 31. Re2 Bf6 32. h4 Rb5 33. Kg2 h6 34. Kh3 Ra5 35. Kg2 Ba1 36. Nh2 e5 37. f3 Bd4 38. Ng4 f5 39. Nf2 Kf6 40. Nh3 Ra3 41. Nf2 Rb3 42. Nh3 Ke6 43. Nf4+ Kf6 44. Nh3 Rb1 45. Nf2 Ke6 46. g4 Kd5 47. gxf5 gxf5 48. Nh3 Kc4 49. Rc2+ Kd3 50. Rc6 Rb2+ 51. Kh1 Rb6 52. Rxb6 Bxb6 53. h5 Ke2 54. Kg2 Be3 55. Kg3 Bd2 56. Ng1+ Kf1 57. Nh3 Be1+ 58. Kh2 Bh4 59. Kh1 Bg3 60. Ng5 Kf2 61. Nf7 Bf4 62. Nd6 Kxf3 63. Nxf5 e4 64. Kg1 Bg5 65. Kf1 Bd2 66. Nd4+ Kg4 67. Ke2 Bg5 68. Ne6 Kxh5 69. Nc5 e3 70. Ne6 Kg4 71. Nd4 h5 72. Kf1 h4 73. Kg2 h3+ 74. Kh2 Bf4+ 75. Kh1 Be5 76. Ne2 Kf3 77. Ng1+ Kg3 78. Ne2+ Kf2 79. Nf4 Kf1 80. Nh5 Kf2 81. Nf4 Kg3 82. Ne2+ Kf3 83. Ng1+ Ke4 84. Ne2 Kd3 85. Ng1 Bg3 86. Nf3 e2 0-1

[Event "POL-chT 2nd League"]
[Site "Lazy"]
[Date "2012.09.07"]
[Round "7"]
[White "Jurkiewicz, Krzysztof"]
[Black "Jaworski, Miroslaw"]
[Result "1-0"]
[WhiteElo "2314"]
[BlackElo "2307"]
[PlyCount "129"]
[EventDate "2012.09.01"]
[EventType "team-swiss"]
[EventRounds "9"]
[EventCountry "POL"]
[SourceTitle "EXT 2019"]
[Source "ChessBase"]
[SourceDate "2018.10.10"]
[SourceVersion "1"]
[SourceVersionDate "2018.10.10"]
[SourceQuality "1"]
[WhiteTeam "Kolbudy UKS Zawisza"]
[BlackTeam "Raciborz Silesia"]
[WhiteTeamCountry "POL"]
[BlackTeamCountry "POL"]

1. c4 e5 2. Nc3 Nf6 3. g3 d5 4. cxd5 Nxd5 5. Bg2 Nb6 6. Nf3 Nc6 7. 0-0 Be7 8. d3 0-0 9. a3 Be6 10. b4 f6 11. Be3 a5 12. b5 Nd4 13. Bxd4 exd4 14. Na4 Qd7 15. Nxb6 cxb6 16. Qa4 Rad8 17. Nd2 Rfe8 18. Nc4 Bc5 19. Qc2 Qxb5 20. Bxb7 Qd7 21. Bf3 a4 22. Rfb1 Rb8 23. Rb2 Rec8 24. Qb1 Qa7 25. Rb5 Kh8 26. Qa2 Bd7 27. Rb2 b5 28. Nd2 Be8 29. Bd5 Bf8 30. Rc2 Rxc2 31. Qxc2 Qc5 32. Qa2 Rd8 33. Be6 f5 34. Nf3 Be7 35. Qb2 Bh5 36. Rb1 Bxf3 37. exf3 Rb8 38. Bd7 Qc3 39. Qe2 Qxa3 40. Rxb5 Rxb5 41. Bxb5 Qd6 42. Bxa4 g6 43. Bb3 Kg7 44. Bc4 Qd7 45. Qe5+ Bf6 46. Qb8 Qd8 47. Qb7+ Qe7 48. Qd5 Qd8 49. Qf7+ Kh6 50. Kg2 Qe7 51. Qg8 Qd8 52. Qe6 Qe7 53. Qc6 Kg7 54. h3 Kh6 55. f4 Kg7 56. g4 fxg4 57. hxg4 g5 58. fxg5 Bxg5 59. Qd5 Qf6 60. Qg8+ Kh6 61. Be6 Qg7 62. Qb8 Qf6 63. Bf5 Qf7 64. Qh2+ Bh4 65. Qf4+ 1-0

[Event "POL-chT 2nd League"]
[Site "Lazy"]
[Date "2012.09.06"]
[Round "6"]
[White "Mickiewicz, Piotr"]
[Black "Jurkiewicz, Krzysztof"]
[Result "1/2-1/2"]
[WhiteElo "2363"]
[BlackElo "2314"]
[PlyCount "104"]
[EventDate "2012.09.01"]
[EventType "team-swiss"]
[EventRounds "9"]
[EventCountry "POL"]
[SourceTitle "EXT 2019"]
[Source "ChessBase"]
[SourceDate "2018.10.10"]
[SourceVersion "1"]
[SourceVersionDate "2018.10.10"]
[SourceQuality "1"]
[WhiteTeam "Wroclaw KS Polonia"]
[BlackTeam "Kolbudy UKS Zawisza"]
[WhiteTeamCountry "POL"]
[BlackTeamCountry "POL"]

1. e4 d5 2. exd5 Qxd5 3. Nc3 Qa5 4. d4 Nf6 5. Nf3 Bf5 6. Bc4 c6 7. Bd2 Qc7 8. Qe2 Nbd7 9. 0-0-0 e6 10. Nh4 Bg6 11. Nxg6 hxg6 12. g3 0-0-0 13. Bg5 Nb6 14. Bb3 Be7 15. h4 Nbd5 16. Ne4 Nxe4 17. Qxe4 Bxg5+ 18. hxg5 Ne7 19. c3 Qa5 20. Bxe6+ fxe6 21. Qxe6+ Kb8 22. Rxh8 Rxh8 23. Qxe7 Qxa2 24. Qe5+ Ka8 25. Re1 a5 26. Qe6 Qa4 27. Qxg6 Rh2 28. Qe8+ Ka7 29. Qe3 Ka6 30. Kb1 Qb3 31. Qe2+ Ka7 32. Qe3 Ka6 33. Qe2+ Ka7 34. Qe5 Ka6 35. Qf5 a4 36. Qf8 a3 37. Qa8+ Kb6 38. Qd8+ Ka6 39. Qa8+ Kb6 40. Qxa3 Qxa3 41. bxa3 Rxf2 42. Re7 g6 43. Rg7 Rg2 44. Rxg6 Kb5 45. Rg7 Kc4 46. Rxb7 Kxc3 47. a4 Rxg3 48. d5 cxd5 49. Rg7 d4 50. g6 d3 51. Rc7+ Kb3 52. Kc1 Rxg6 1/2-1/2

[Event "Kowalewo Pomorskie op-A 17th"]
[Site "Kowalewo Pomorskie"]
[Date "2010.07.08"]
[Round "7"]
[White "Jurkiewicz, Krzysztof"]
[Black "Flazinski, Jozef"]
[Result "1-0"]
[WhiteElo "2142"]
[BlackElo "2000"]
[PlyCount "83"]
[EventDate "2010.07.04"]
[EventType "swiss"]
[EventRounds "8"]
[EventCountry "POL"]
[SourceTitle "CBM 137 Extra"]
[Source "ChessBase"]
[SourceDate "2010.09.01"]
[SourceVersion "1"]
[SourceVersionDate "2010.09.01"]
[SourceQuality "1"]

1. d4 Nf6 2. c4 e6 3. g3 c5 4. d5 exd5 5. cxd5 d6 6. Nc3 g6 7. Bg2 Bg7 8. Nf3 0-0 9. 0-0 Bg4 10. h3 Bxf3 11. Bxf3 Re8 12. Qb3 Qc8 13. Bf4 Bf8 14. Kh2 Nbd7 15. a4 Ne5 16. Rfe1 Nfd7 17. Bg2 a6 18. Rac1 c4 19. Qb4 b5 20. Ne4 Qb8 21. Bd2 f5 22. Ng5 Nc5 23. Ne6 Nxe6 24. dxe6 d5 25. e7 Bxe7 26. Bxd5+ Kg7 27. Qc3 Bf6 28. Qc2 Ra7 29. b3 Rd8 30. bxc4 bxc4 31. Rb1 Qc8 32. Bg2 c3 33. Be3 Rad7 34. Rb3 Nc4 35. Rxc3 Nxe3 36. Rxc8 Nxc2 37. Rxc2 Rd4 38. Rc7+ R8d7 39. Rec1 Rxc7 40. Rxc7+ Kh6 41. Rc6 Bd8 42. Rxa6 1-0

[Event "Kowalewo Pomorskie op-A 17th"]
[Site "Kowalewo Pomorskie"]
[Date "2010.07.04"]
[Round "1"]
[White "Kruczynski, Marek"]
[Black "Jurkiewicz, Krzysztof"]
[Result "0-1"]
[WhiteElo "1988"]
[BlackElo "2142"]
[PlyCount "38"]
[EventDate "2010.07.04"]
[EventType "swiss"]
[EventRounds "8"]
[EventCountry "POL"]
[SourceTitle "CBM 137 Extra"]
[Source "ChessBase"]
[SourceDate "2010.09.01"]
[SourceVersion "1"]
[SourceVersionDate "2010.09.01"]
[SourceQuality "1"]

1. e4 c5 2. g3 Nc6 3. Bg2 g6 4. Ne2 Bg7 5. 0-0 d6 6. c3 e5 7. d3 Nge7 8. c4 0-0 9. Nbc3 a6 10. h3 Bd7 11. Kh2 Nd4 12. Nxd4 cxd4 13. Ne2 b5 14. b3 Bc6 15. Bd2 Rb8 16. Rb1 Qc7 17. Qc2 Qb7 18. g4 f5 19. Ng3 f4 0-1

[Event "POL-chT 2nd League"]
[Site "Miedzyzdroje"]
[Date "2009.09.14"]
[Round "3"]
[White "Antkowiak, Grzegorz"]
[Black "Jurkiewicz, Krzysztof"]
[Result "1/2-1/2"]
[WhiteElo "2189"]
[BlackElo "2310"]
[PlyCount "22"]
[EventDate "2009.09.12"]
[EventType "team-swiss"]
[EventRounds "9"]
[EventCountry "POL"]
[SourceTitle "EXT 2019"]
[Source "ChessBase"]
[SourceDate "2018.10.10"]
[SourceVersion "1"]
[SourceVersionDate "2018.10.10"]
[SourceQuality "1"]
[WhiteTeam "Wroclaw Hetman"]
[BlackTeam "Gdanski Drapol Jantar Pruszcz"]
[WhiteTeamCountry "POL"]
[BlackTeamCountry "POL"]

1. e4 e5 2. Nf3 Nc6 3. Bb5 a6 4. Ba4 Nf6 5. d4 Nxe4 6. 0-0 Be7 7. Re1 b5 8. Rxe4 d5 9. Nxe5 Nxe5 10. Rxe5 bxa4 11. Nc3 c6 1/2-1/2

[Event "Polanica Zdroj op-A 45th"]
[Site "Polanica Zdroj"]
[Date "2009.08.25"]
[Round "8"]
[White "Jurkiewicz, Krzysztof"]
[Black "Matuszewski, Michal"]
[Result "0-1"]
[WhiteElo "2160"]
[BlackElo "2301"]
[PlyCount "78"]
[EventDate "2009.08.18"]
[EventType "swiss"]
[EventRounds "10"]
[EventCountry "POL"]
[SourceTitle "CBM 131 Extra"]
[Source "ChessBase"]
[SourceDate "2009.09.03"]
[SourceVersion "2"]
[SourceVersionDate "2009.09.16"]
[SourceQuality "1"]

1. d4 Nf6 2. c4 e6 3. g3 c5 4. Nf3 cxd4 5. Nxd4 d5 6. Bg2 e5 7. Nb3 d4 8. Bg5 Be7 9. 0-0 0-0 10. N1d2 Nc6 11. a3 Be6 12. Bxf6 gxf6 13. f4 Qd7 14. Qc2 Bg4 15. Qd3 Bh3 16. f5 Bxg2 17. Kxg2 a5 18. Ne4 a4 19. Nbd2 Na5 20. g4 Kh8 21. Rac1 Rg8 22. h3 Rac8 23. Kh2 Rc6 24. c5 Qd5 25. Nc3 Qxc5 26. Nxa4 Qd6 27. Ne4 Qc7 28. Rxc6 Qxc6 29. g5 Qxa4 30. gxf6 Bf8 31. h4 Bh6 32. b4 Qc6 33. bxa5 Rg4 34. Ng3 Rxh4+ 35. Kg1 Be3+ 36. Rf2 Bxf2+ 37. Kxf2 Rh2+ 38. Ke1 Qc1+ 39. Qd1 Qc3+ 0-1

[Event "Katy Rybackie op"]
[Site "Katy Rybackie"]
[Date "2009.06.16"]
[Round "4"]
[White "Dziedzic, Ferdynand"]
[Black "Jurkiewicz, Krzysztof"]
[Result "1-0"]
[WhiteElo "1888"]
[BlackElo "2137"]
[PlyCount "72"]
[EventDate "2009.06.14"]
[EventType "swiss"]
[EventRounds "9"]
[EventCountry "POL"]
[SourceTitle "CBM 131 Extra"]
[Source "ChessBase"]
[SourceDate "2009.09.03"]
[SourceVersion "2"]
[SourceVersionDate "2009.09.16"]
[SourceQuality "1"]

1. c4 Nf6 2. Nc3 g6 3. g3 Bg7 4. Bg2 0-0 5. Nf3 d6 6. d4 Nc6 7. 0-0 a6 8. e4 Bg4 9. h3 Bxf3 10. Bxf3 e5 11. dxe5 dxe5 12. Bg5 Nd4 13. Bg2 c6 14. Qd2 b5 15. cxb5 axb5 16. Rad1 Qb6 17. b4 Ra3 18. Be3 Rfa8 19. Kh1 Qc7 20. Rc1 Qd6 21. Qb2 Nd7 22. Rfd1 Nb6 23. Bf1 Qe6 24. Kg2 h5 25. Qd2 R3a6 26. f4 Nc4 27. Bxc4 bxc4 28. fxe5 Nb5 29. a4 Nxc3 30. Qxc3 Rxa4 31. Qxc4 Qxe5 32. Qxc6 h4 33. Bf4 Qe7 34. b5 Re8 35. e5 Bxe5 36. Re1 f6 1-0

[Event "Wisla op"]
[Site "Wisla"]
[Date "2009.05.12"]
[Round "11"]
[White "Jurkiewicz, Krzysztof"]
[Black "Flazinski, Jozef"]
[Result "1/2-1/2"]
[WhiteElo "2160"]
[BlackElo "2009"]
[PlyCount "45"]
[EventDate "2009.05.04"]
[EventType "swiss"]
[EventRounds "11"]
[EventCountry "POL"]
[SourceTitle "EXT 2012"]
[Source "ChessBase"]
[SourceDate "2011.11.24"]
[SourceVersion "1"]
[SourceVersionDate "2011.11.24"]
[SourceQuality "1"]

1. d4 Nf6 2. c4 c5 3. Nf3 cxd4 4. Nxd4 g6 5. Nc3 Bg7 6. e4 d6 7. Be2 0-0 8. Be3 Nc6 9. 0-0 Ne5 10. f3 Bd7 11. Qb3 Bc6 12. Rfd1 Qc8 13. a4 a5 14. Nd5 Bxd5 15. cxd5 Ned7 16. Rac1 Nc5 17. Qb5 Qd7 18. Bg5 Qd8 19. Rc2 Nfd7 20. Bf1 Ra6 21. Qc4 Ra8 22. b3 Rc8 23. Qb5 1/2-1/2

[Event "Wisla op"]
[Site "Wisla"]
[Date "2009.05.11"]
[Round "10"]
[White "Kozlowski, Tomasz"]
[Black "Jurkiewicz, Krzysztof"]
[Result "1-0"]
[WhiteElo "2007"]
[BlackElo "2160"]
[PlyCount "63"]
[EventDate "2009.05.04"]
[EventType "swiss"]
[EventRounds "11"]
[EventCountry "POL"]
[SourceTitle "EXT 2012"]
[Source "ChessBase"]
[SourceDate "2011.11.24"]
[SourceVersion "1"]
[SourceVersionDate "2011.11.24"]
[SourceQuality "1"]

1. e4 c5 2. Nc3 Nc6 3. d3 g6 4. g3 Bg7 5. Bg2 Rb8 6. Nge2 b5 7. 0-0 b4 8. Nd5 e6 9. Ne3 Nge7 10. f4 f5 11. e5 d6 12. exd6 Qxd6 13. Nc4 Qc7 14. Be3 Nd4 15. Nxd4 cxd4 16. Bd2 0-0 17. a3 a5 18. axb4 axb4 19. Ra5 Nd5 20. Qe2 b3 21. cxb3 Rxb3 22. Rfa1 Nb6 23. Ra7 Qb8 24. Nxb6 Qxb6 25. Bc1 Qb5 26. Rc7 Qxd3 27. Raa7 Bf6 28. Qe1 Qb5 29. Rxc8 Qb6 30. Rxf8+ Kxf8 31. Rb7 Re3 32. Bxe3 1-0

[Event "Wisla op"]
[Site "Wisla"]
[Date "2009.05.07"]
[Round "5"]
[White "Jurkiewicz, Krzysztof"]
[Black "Jaworski, Miroslaw"]
[Result "1/2-1/2"]
[WhiteElo "2160"]
[BlackElo "2363"]
[PlyCount "65"]
[EventDate "2009.05.04"]
[EventType "swiss"]
[EventRounds "11"]
[EventCountry "POL"]
[SourceTitle "EXT 2012"]
[Source "ChessBase"]
[SourceDate "2011.11.24"]
[SourceVersion "1"]
[SourceVersionDate "2011.11.24"]
[SourceQuality "1"]

1. d4 d5 2. c4 dxc4 3. Nf3 Nf6 4. e3 e6 5. Bxc4 a6 6. a4 b6 7. 0-0 Bb7 8. Nc3 Nbd7 9. Qe2 c5 10. Rd1 Qc7 11. e4 cxd4 12. Nxd4 Bc5 13. Bg5 0-0 14. Rac1 Ne5 15. Bxf6 gxf6 16. Bb3 Rfd8 17. Nc2 Rxd1+ 18. Rxd1 Rd8 19. Kf1 Rxd1+ 20. Qxd1 b5 21. Qe2 bxa4 22. Nxa4 Ba7 23. h4 Bc6 24. Nc3 Qb6 25. Ba4 Qxb2 26. Bxc6 Qxc3 27. Ba4 Nd3 28. e5 fxe5 29. Qg4+ Kf8 30. Qg5 Bb6 31. Qh6+ Ke7 32. Qg5+ Kf8 33. Qh6+ 1/2-1/2

[Event "Polanica Zdroj op-B 44th"]
[Site "Polanica Zdroj"]
[Date "2008.08.25"]
[Round "7"]
[White "Jurkiewicz, Krzysztof"]
[Black "Bes, Michal"]
[Result "1/2-1/2"]
[WhiteElo "2188"]
[BlackElo "1951"]
[PlyCount "34"]
[EventDate "2008.08.19"]
[EventType "swiss"]
[EventRounds "10"]
[EventCountry "POL"]
[SourceTitle "CBM 126 Extra"]
[Source "ChessBase"]
[SourceDate "2008.11.05"]
[SourceVersion "1"]
[SourceVersionDate "2008.11.05"]
[SourceQuality "1"]

1. d4 Nf6 2. c4 c5 3. d5 b5 4. a4 b4 5. Qc2 g6 6. e4 d6 7. Be2 Bg7 8. Bg5 b3 9. Qc3 0-0 10. Bxf6 exf6 11. Qxb3 Na6 12. Nc3 f5 13. Nf3 fxe4 14. Nd2 Rb8 15. Qc2 Nb4 16. Qc1 Bg4 17. Rb1 Re8 1/2-1/2

[Event "Polanica Zdroj op-B 44th"]
[Site "Polanica Zdroj"]
[Date "2008.08.21"]
[Round "3"]
[White "Jurkiewicz, Krzysztof"]
[Black "Efinowicz, Michal"]
[Result "0-1"]
[WhiteElo "2188"]
[BlackElo "2083"]
[PlyCount "46"]
[EventDate "2008.08.19"]
[EventType "swiss"]
[EventRounds "10"]
[EventCountry "POL"]
[SourceTitle "CBM 126 Extra"]
[Source "ChessBase"]
[SourceDate "2008.11.05"]
[SourceVersion "1"]
[SourceVersionDate "2008.11.05"]
[SourceQuality "1"]

1. d4 a6 2. c4 b5 3. a4 bxc4 4. e4 Bb7 5. d5 Nf6 6. Nc3 c6 7. Bxc4 cxd5 8. exd5 Qc7 9. Qb3 d6 10. Be3 Nbd7 11. Nf3 Rb8 12. Qa2 Rc8 13. Bb3 Nc5 14. 0-0 g6 15. Rfe1 Nd3 16. Re2 Nb4 17. Qa3 Nbxd5 18. Nxd5 Nxd5 19. Bd4 e5 20. Rae1 Nf4 21. Re3 Bxf3 22. Bxe5 dxe5 23. Rxe5+ Ne6 0-1

[Event "Tatry op"]
[Site "Tatranske Zruby"]
[Date "2007.09.26"]
[Round "6"]
[White "Bargel, Martin"]
[Black "Jurkiewicz, Krzysztof"]
[Result "1-0"]
[WhiteElo "2140"]
[BlackElo "2221"]
[PlyCount "75"]
[EventDate "2007.09.22"]
[EventType "swiss"]
[EventRounds "9"]
[EventCountry "SVK"]
[SourceTitle "CBM 120 Extra"]
[Source "ChessBase"]
[SourceDate "2007.11.01"]
[SourceVersion "1"]
[SourceVersionDate "2007.11.01"]
[SourceQuality "1"]

1. e4 c5 2. Nf3 d6 3. d4 cxd4 4. Nxd4 Nf6 5. Nc3 g6 6. Be3 Bg7 7. f3 a6 8. Qd2 Nbd7 9. Bh6 Bxh6 10. Qxh6 b5 11. 0-0-0 Bb7 12. g4 Rc8 13. Qd2 Nc5 14. g5 Nfd7 15. h4 Nb6 16. Kb1 b4 17. Nce2 a5 18. Nc1 Ba6 19. Bxa6 Nxa6 20. b3 Qd7 21. h5 Nc7 22. hxg6 fxg6 23. Rh6 e5 24. f4 exd4 25. Qxd4 0-0 26. Qxb6 Nb5 27. Ne2 Na3+ 28. Ka1 Nxc2+ 29. Kb2 Qg7+ 30. e5 dxe5 31. Qe6+ Kh8 32. Rd7 Na3 33. Rxg7 Rc2+ 34. Ka1 Kxg7 35. Qe7+ Rf7 36. Rxh7+ Kxh7 37. Qxf7+ Kh8 38. Qxg6 1-0